000 00448nam a22001817a 4500
003 OSt
005 20240313072931.0
008 240313b |||||||| |||| 00| 0 eng d
020 _a9780582791084
040 _cn
082 _a428.24 H442 1986
100 _aHeaton J B
245 _aWriting through pictures
_cJ B. Heaton
260 _b Longman, [Harlow], [1986]
300 _a80 p, 24 cm.
650 _zEnglish Language
942 _2ddc
_cBK-EN
_n0
999 _c6595
_d6595